| 000 | 00814nam a2200205 i 4500 | ||
|---|---|---|---|
| 001 | 189791 | ||
| 003 | ES-MaACL | ||
| 005 | 20250817063137.0 | ||
| 008 | 191126s1966 sp |||| | spa d | ||
| 245 | 0 | 3 |
_aLa provincia _b: dimensiones económica, informativa y sociológica. |
| 260 |
_aBarcelona : _bInstituto de Ciencias Sociales, Diputación Provincial, _c1966. |
||
| 300 |
_a286 p. ; _c27 cm. |
||
| 490 | 1 |
_aColección de ciencias sociales (Instituto de Ciencias Sociales, Barcelona) ; _v3 _9241794 |
|
| 650 | 4 |
_aAdministración provincial. _9135497 |
|
| 710 | 0 |
_aInstituto de Ciencias Sociales (Barcelona) _94842 |
|
| 830 | 0 |
_aColección de ciencias sociales (Instituto de Ciencias Sociales, Barcelona) ; _v3 _9241794 |
|
| 852 |
_aES-MaACL _jP-1087-3 |
||
| 942 | _2udc | ||
| 999 |
_c189791 _d189791 |
||